000 00338nam a2200109Ia 4500
008 180205s9999 xx 000 0 und d
020 _a345337808
100 _aGonzales-Balado, Jose Luis
245 _cPlayfoot, Janet N.
_aMy life for the poor Mother Teresa of calcuta /
260 _aUSA
_bBallantine Books
_c1985
300 _avii, 114 pages
999 _c354758
_d354758